The Evolution of EU law / (Record no. 10312)

MARC details
000 -LEADER
fixed length control field 00722nam a22002292 4500
001 - CONTROL NUMBER
control field 0000024498
005 - DATE AND TIME OF LATEST TRANSACTION
control field 20151217152303.0
008 - FIXED-LENGTH DATA ELEMENTS--GENERAL INFORMATION
fixed length control field 131218s xx 000 0 eng d
020 ## - INTERNATIONAL STANDARD BOOK NUMBER
International Standard Book Number 0199592968 :
040 ## - CATALOGING SOURCE
Original cataloging agency KABU
Transcribing agency KABU
245 14 - TITLE STATEMENT
Title The Evolution of EU law /
Statement of responsibility, etc. edited by Paul Craig and Grainne De Burca.
250 ## - EDITION STATEMENT
Edition statement 2nd ed.
260 ## - PUBLICATION, DISTRIBUTION, ETC. (IMPRINT)
Place of publication, distribution, etc. Oxford :
Name of publisher, distributor, etc. O. U. P.,
Date of publication, distribution, etc. 2011.
300 ## - PHYSICAL DESCRIPTION
Extent lxvi, 917 p.
610 20 - SUBJECT ADDED ENTRY--CORPORATE NAME
Corporate name or jurisdiction name as entry element European Union
General subdivision History.
-- 0000163471
650 #0 - SUBJECT ADDED ENTRY--TOPICAL TERM
Topical term or geographic name as entry element Law
General subdivision European Union countries
-- History.
-- 0000184703
700 1# - ADDED ENTRY--PERSONAL NAME
Personal name Craig, Paul.
-- 0000184704
700 1# - ADDED ENTRY--PERSONAL NAME
Personal name De Burca, Grainne.
-- 0000184705
852 1# - LOCATION
-- p5670 KES
908 ## - PUT COMMAND PARAMETER (RLIN)
Put command parameter 131218
950 ## - LOCAL HOLDINGS (RLIN)
-- 1
Holdings
Withdrawn status Lost status Source of classification or shelving scheme Not for loan Home library Current library Date acquired Total Checkouts Full call number Barcode Date last seen Date last checked out Price effective from Koha item type
    Library of Congress Classification   Kabarak, Main Campus Kabarak, Main Campus 17/12/2015 1 KJE947 .E99 2011 c. 1 016293 22/10/2019 01/10/2019 17/12/2015 General Collection
Designed with assistance from East African Informatics Ltd